Szczegóły MARC21

Ustawa o dostępności cyfrowej stron internetowych i aplikacji mobilnych podmiotów publicznych : komentarz /

003 -Nazwa inst., której nr kontr. jest w polu 001 [,]
    • @
    • Nazwa instytucji, której n kontrolny jest w polu 001
    • NUKAT
005 -DATA I CZAS OSTATNIEJ MODYFIKACJI [,]
    • @
    • pole kontrolne
    • 20241231094125.0
020 -Międzynarod. znormalizowany nr książki - ISBN [ , ]
    • a
    • Numer ISBN
    • 9788381872096 Find
040 -Instytucja sporządzająca opis [ , ]
    • a
    • Instytucja, która sporządziła opis (NP)
    • LUBL U/GA
    • b
    • Język katalogowania
    • pol
    • e
    • Zasady katalogowania
    • rda
    • c
    • Instytucja, która sporządziła rekord (NP)
    • LUBL U/GA
    • d
    • Instytucja, która zmodyfikowała rekord (P)
    • LUBL U/GA
    • d
    • Instytucja, która zmodyfikowała rekord (P)
    • WR U/PAdml
    • d
    • Instytucja, która zmodyfikowała rekord (P)
    • WA U/mgs
    • d
    • Instytucja, która zmodyfikowała rekord (P)
    • WA 14/MBs
    • d
    • Instytucja, która zmodyfikowała rekord (P)
    • KR 048/PK
    • d
    • Instytucja, która zmodyfikowała rekord (P)
    • TOR U/ENs
942 -Rodzaj dokumentu [ , ]
    • c
    • Rodzaj dokumentu
    • Książka
245 -Strefa tytułu i oznaczenia odpowiedzialności [0,0]
    • a
    • Tytuł
    • Ustawa o dostępności cyfrowej stron internetowych i aplikacji mobilnych podmiotów publicznych : Find
    • b
    • Ciąg dalszy tytułu (NP)
    • komentarz / Find
    • c
    • Pozostałe elementy strefy tytułu i oznaczenia odpowiedzialności (NP)
    • redakcja naukowa Grażyna Szpor, Kamil Czaplicki ; Mirosława Brzostek-Kleszcz, Kamil Czaplicki, Ewa Marzec, Adam Pietrasiewicz, Katarzyna Prusak-Górniak, Katarzyna Roszewska, Sylwester Szczepaniak, Grażyna Szpor.
250 -Strefa wydania [ , ]
    • a
    • Oznaczenie wydania (NP)
    • Stan prawny na 15 listopada 2019 r.
260 -Strefa adresu wydawniczego [ , ]
    • a
    • Miejsce wydania (P)
    • Warszawa :
    • b
    • Nazwa wydawcy (P)
    • Wolters Kluwer,
    • c
    • Data wydania (P)
    • 2020.
300 -Strefa opisu fizycznego [ , ]
    • a
    • Określenie formy książki i/lub objętość (NP)
    • 197, [1] strona ;
    • c
    • Format (NP)
    • 22 cm.
336 -Typ zawartości [ , ]
    • a
    • Termin opisujący typ zawartości
    • Tekst
    • b
    • Kod określający zawartość
    • txt
    • 2
    • Źródło (terminu i kodu)
    • rdacontent
337 -Typ mediów [ , ]
    • a
    • Tryb odtwarzania
    • Bez urządzenia pośredniczącego
    • b
    • Kod typu mediów
    • n
    • 2
    • Źródło (terminu i kodu)
    • rdamedia
338 -Typ/rodzaj nośnika [ , ]
    • a
    • Hasło opisujące typ nośnika
    • Wolumin
    • b
    • Kod typu nośnika
    • nc
    • 2
    • Źródło (terminu i kodu)
    • rdacarrier
380 -Deskryptor - Forma dzieła (P) [ , ]
    • a
    • forma dzieła (NP)
    • Książki
380 -Deskryptor - Forma dzieła (P) [ , ]
    • a
    • forma dzieła (NP)
    • Publikacje fachowe
380 -Deskryptor - Forma dzieła (P) [ , ]
    • a
    • forma dzieła (NP)
    • Publikacje naukowe
385 -Deskryptor - grupa odbiorców (P) [ , ]
    • a
    • termin określający odbiorcę (P)
    • Organizacje pozarządowe (NGO)
385 -Deskryptor - grupa odbiorców (P) [ , ]
    • a
    • termin określający odbiorcę (P)
    • Sektor publiczny
388 -Deskryptor - czas powstania dzieła (P) [1, ]
    • a
    • Czas powstania dzieła (NP)
    • 2001-
490 -Strefa serii i książki wielotomowej - forma nie do wyszukiwania [1, ]
    • a
    • Tytuł (P)
    • Komentarze Praktyczne Find
830 -Hasło dodatkowe serii i opisu książki wielotomowej - tytuł ujednolicony/tytuł [ ,0]
    • a
    • Tytuł ujednolicony/tytuł (NP)
    • Komentarze Praktyczne
    • 9
    • KHW
    • 830
500 -Uwaga ogólna [ , ]
    • a
    • Uwaga ogólna (NP)
    • Tytuł grzbietowy: Ustawa o dostępności cyfrowej stron internetowych...
650 -Hasło przedmiotowe [ ,7]
    • a
    • Hasło przedmiotowe
    • Aplikacja mobilna
    • 2
    • Źródło terminu
    • DBN
    • 9
    • KHW
    • 733093
650 -Hasło przedmiotowe [ ,7]
    • a
    • Hasło przedmiotowe
    • Dostępność (informatyka)
    • 2
    • Źródło terminu
    • DBN
    • 9
    • KHW
    • 724711
650 -Hasło przedmiotowe [ ,7]
    • a
    • Hasło przedmiotowe
    • Prawa osób z niepełnosprawnościami
    • 2
    • Źródło terminu
    • DBN
    • 9
    • KHW
    • 726196
650 -Hasło przedmiotowe [ ,7]
    • a
    • Hasło przedmiotowe
    • Prawo nowych technologii
    • 2
    • Źródło terminu
    • DBN
    • 9
    • KHW
    • 722993
650 -Hasło przedmiotowe [ ,7]
    • a
    • Hasło przedmiotowe
    • Sektor publiczny
    • 2
    • Źródło terminu
    • DBN
    • 9
    • KHW
    • 721588
650 -Hasło przedmiotowe [ ,7]
    • a
    • Hasło przedmiotowe
    • Strony WWW
    • 2
    • Źródło terminu
    • DBN
    • 9
    • KHW
    • 724681
650 -Hasło przedmiotowe [ ,7]
    • a
    • Hasło przedmiotowe
    • Administracja publiczna
    • z
    • Określnik geograficzny
    • Polska
    • x
    • Określnik rzeczowy
    • informatyka.
    • 2
    • Źródło terminu
    • kaba
    • 9
    • KHW
    • 367240
650 -Hasło przedmiotowe [ ,7]
    • a
    • Hasło przedmiotowe
    • Internet
    • x
    • Określnik rzeczowy
    • prawo
    • z
    • Określnik geograficzny
    • Polska.
    • 2
    • Źródło terminu
    • kaba
    • 9
    • KHW
    • 356278
650 -Hasło przedmiotowe [ ,7]
    • a
    • Hasło przedmiotowe
    • Prawo administracyjne
    • x
    • Określnik rzeczowy
    • interpretacja
    • z
    • Określnik geograficzny
    • Polska.
    • 2
    • Źródło terminu
    • kaba
    • 9
    • KHW
    • 357449
650 -Hasło przedmiotowe [ ,7]
    • a
    • Hasło przedmiotowe
    • Prawo administracyjne
    • z
    • Określnik geograficzny
    • Polska
    • y
    • Określnik chronologiczny
    • 1990-
    • v
    • Określnik formalny
    • legislacja.
    • 2
    • Źródło terminu
    • kaba
    • 9
    • KHW
    • 357450
651 -Hasło przedmiotowe w formie nazwy geograficznej [ ,7]
    • a
    • Nazwa geograficzna
    • Polska
    • 2
    • Źródło terminu
    • DBN
    • 9
    • KHW
    • 721438
655 -Hasło w funkcji tematu formalnego [ ,7]
    • a
    • Hasło
    • Komentarz do ustawy
    • 2
    • Źródło terminu
    • DBN
    • 9
    • KHW
    • 722430
658 -Ujęcie treści [ , ]
    • a
    • dziedzina nauki i sztuki/ sfera aktywności życiowej
    • Prawo i wymiar sprawiedliwości
700 -Hasło dodatkowe - nazwa osobowa [1, ]
    • a
    • Nazwa osobowa (NP)
    • Szpor, Grażyna. Find
    • e
    • Określenie rodzaju współpracy
    • Redakcja
    • e
    • Określenie rodzaju współpracy
    • Autor
    • 9
    • KHW
    • 586
700 -Hasło dodatkowe - nazwa osobowa [1, ]
    • a
    • Nazwa osobowa (NP)
    • Czaplicki, Kamil. Find
    • e
    • Określenie rodzaju współpracy
    • Redakcja
    • e
    • Określenie rodzaju współpracy
    • Autor
    • 9
    • KHW
    • 444105
700 -Hasło dodatkowe - nazwa osobowa [1, ]
    • a
    • Nazwa osobowa (NP)
    • Brzostek-Kleszcz, Mirosława. Find
    • e
    • Określenie rodzaju współpracy
    • Autor
    • 9
    • KHW
    • 517080
700 -Hasło dodatkowe - nazwa osobowa [1, ]
    • a
    • Nazwa osobowa (NP)
    • Marzec, Ewa Find
    • c
    • Dopowiedzenie inne niż daty biograficzne (NP)
    • (prawo).
    • e
    • Określenie rodzaju współpracy
    • Autor
    • 9
    • KHW
    • 517079
700 -Hasło dodatkowe - nazwa osobowa [1, ]
    • a
    • Nazwa osobowa (NP)
    • Pietrasiewicz, Adam Find
    • d
    • Daty biograficzne (NP)
    • (1958- ).
    • e
    • Określenie rodzaju współpracy
    • Autor
    • 9
    • KHW
    • 517078
700 -Hasło dodatkowe - nazwa osobowa [1, ]
    • a
    • Nazwa osobowa (NP)
    • Prusak-Górniak, Katarzyna. Find
    • e
    • Określenie rodzaju współpracy
    • Autor
    • 9
    • KHW
    • 511343
700 -Hasło dodatkowe - nazwa osobowa [1, ]
    • a
    • Nazwa osobowa (NP)
    • Roszewska, Katarzyna. Find
    • e
    • Określenie rodzaju współpracy
    • Autor
    • 9
    • KHW
    • 83511
700 -Hasło dodatkowe - nazwa osobowa [1, ]
    • a
    • Nazwa osobowa (NP)
    • Szczepaniak, Sylwester. Find
    • e
    • Określenie rodzaju współpracy
    • Autor
    • 9
    • KHW
    • 511339
710 -Hasło dodatkowe - nazwa ciała zbiorowego [2, ]
    • a
    • Nazwa ciała zbiorowego lub nazwa geograficzna jako pierwszy element (NP)
    • Wolters Kluwer Polska.
    • e
    • Rodzaj współpracy
    • Wydawca
    • 4
    • Kod relacji
    • pbl
    • 9
    • KHW
    • 52677
856 -Dostęp do wersji elektronicznej [4,1]
    • 3
    • Wyszczególnienie materiału
    • Spis treści
920 -ISBN [ , ]
    • a
    • ISBN
    • 978-83-8187-209-6 Find
Lokalizacja Status udost. Sygnatura Data inwentaryzacji Numer inwentarzowy
BSA1SA.250762020-02-17SA.25076